Varianty razvitija vzaimosviazej svobodnoj ekonomičeskoj zony i nacional"noj ekonomiki.
Určenie odvetvovej štruktúry voľných ekonomických zón. Možnosti efektívneho vzájomného pôsobenia voľných ekonomických zón s národnou ekonomikou. Rozvoj subdodávateľských vzťahov. Význam výberu polohy. Formy štátneho regulovania rozvoja voľnej ekonomickej zóny.
Salvato in:
| Autore principale: | |
|---|---|
| Altri autori: | |
| Natura: | Capitolo di libro |
| Lingua: | russo |
| Soggetti: | |
| Tags: |
Nessun Tag, puoi essere il primo ad aggiungerne!!
|
MARC
| LEADER | 00000naa a2200000 4500 | ||
|---|---|---|---|
| 001 | r005531 | ||
| 005 | 20221208123348.2 | ||
| 041 | 0 | |a rus | |
| 044 | |a [SU] | ||
| 245 | 1 | 0 | |a Varianty razvitija vzaimosviazej svobodnoj ekonomičeskoj zony i nacional"noj ekonomiki. |c S. Prichod"ko, N. Trošin |
| 520 | |a Určenie odvetvovej štruktúry voľných ekonomických zón. Možnosti efektívneho vzájomného pôsobenia voľných ekonomických zón s národnou ekonomikou. Rozvoj subdodávateľských vzťahov. Význam výberu polohy. Formy štátneho regulovania rozvoja voľnej ekonomickej zóny. | ||
| 610 | 2 | 0 | |a dovoz |
| 610 | 2 | 0 | |a vývoz |
| 610 | 2 | 0 | |a oblasti obchodu voľného |
| 610 | 2 | 0 | |a podnik spoločný |
| 610 | 2 | 0 | |a ZSSR |
| 610 | 2 | 0 | |a ceny |
| 100 | 1 | |a Prichod"ko, S. | |
| 700 | 1 | |a Trošin, N. | |